00897cam a22002171 4500001001300000003000400013005001700017008004100034010001700075035001900092040004200111042001200153050001800165100002800183245024200211260007500453300002800528490005000556500004900606650002400655gs 26000044 DLC20260227111330.0771214s1925 ohu s001 0 eng c ags 26000044  a(OCoLC)3489830 aU.S. Geol. Survey. LibrarycOWoCdDLC apremarc00aTD224.O3bF651 aFoulk, Charles William.10aIndustrial water supplies of Ohio;bwith chapters on impurities in water, methods of analysis and the statement of results and their interpretation, the behavior of water in use, and the industrial purification of water,cby C. W. Foulk. aColumbus,a[Springfield,bPrinted by the Kelly-Springfield Co.]c1925. a406 p.btables.c25 cm.0 aOhio. Geological survey. 4th ser. Bulletin 29 aAt head of title: Geological Survey of Ohio. 0aWater-supplyzOhio.